<?xml version="1.0" encoding="UTF-8"?>
<record
    xmlns:xsi="http://www.w3.org/2001/XMLSchema-instance"
    xsi:schemaLocation="http://www.loc.gov/MARC21/slim http://www.loc.gov/standards/marcxml/schema/MARC21slim.xsd"
    xmlns="http://www.loc.gov/MARC21/slim">

  <leader>00920nam a22002177a 4500</leader>
  <controlfield tag="003">OSt</controlfield>
  <controlfield tag="005">20260326134257.0</controlfield>
  <controlfield tag="008">260326b        |||||||| |||| 00| 0 eng d</controlfield>
  <datafield tag="020" ind1=" " ind2=" ">
    <subfield code="a">9223125995</subfield>
  </datafield>
  <datafield tag="037" ind1=" " ind2=" ">
    <subfield code="b">Donaci&#xF3;n</subfield>
  </datafield>
  <datafield tag="040" ind1=" " ind2=" ">
    <subfield code="a">CO-JMCR</subfield>
    <subfield code="b">spa</subfield>
    <subfield code="c">CO-JMCR</subfield>
    <subfield code="d">CO-JMCR</subfield>
    <subfield code="e">rda</subfield>
  </datafield>
  <datafield tag="041" ind1="0" ind2=" ">
    <subfield code="a">spa</subfield>
  </datafield>
  <datafield tag="082" ind1="0" ind2="4">
    <subfield code="a">331.31 /</subfield>
    <subfield code="b">N45a</subfield>
  </datafield>
  <datafield tag="245" ind1="0" ind2="4">
    <subfield code="a">Las ni&#xF1;as y los ni&#xF1;os que trabajan en la miner&#xED;a artesanal colombiana : </subfield>
    <subfield code="b">diagn&#xF3;stico sociocultural, econ&#xF3;mico y legislativo / </subfield>
    <subfield code="c">Organizaci&#xF3;n Internacional del Trabajo Programa Internacional para la Erradicaci&#xF3;n del Trabajo Infant&#xED;l.</subfield>
  </datafield>
  <datafield tag="260" ind1=" " ind2=" ">
    <subfield code="a">Bogot&#xE1; : </subfield>
    <subfield code="b">Minercol : </subfield>
    <subfield code="b">Oficina Internacional del Trabajo : </subfield>
    <subfield code="b">IPEC,</subfield>
    <subfield code="c">2001.</subfield>
  </datafield>
  <datafield tag="300" ind1=" " ind2=" ">
    <subfield code="a">159 p&#xE1;ginas : </subfield>
    <subfield code="b">ilustraciones ; </subfield>
    <subfield code="c">22 cm.</subfield>
  </datafield>
  <datafield tag="504" ind1=" " ind2=" ">
    <subfield code="a">Incluye bibliograf&#xED;a.</subfield>
  </datafield>
  <datafield tag="650" ind1="1" ind2="7">
    <subfield code="a">Trabajo infantil</subfield>
    <subfield code="x">Legislaci&#xF3;n</subfield>
    <subfield code="z">Colombia.</subfield>
    <subfield code="2">JMCR</subfield>
    <subfield code="9">44581</subfield>
  </datafield>
  <datafield tag="650" ind1=" " ind2="7">
    <subfield code="a">Ni&#xF1;os</subfield>
    <subfield code="x">Condiciones sociales</subfield>
    <subfield code="z">Colombia.</subfield>
    <subfield code="2">JMCR</subfield>
    <subfield code="9">13634</subfield>
  </datafield>
  <datafield tag="942" ind1=" " ind2=" ">
    <subfield code="2">ddc</subfield>
    <subfield code="c">BK</subfield>
  </datafield>
  <datafield tag="999" ind1=" " ind2=" ">
    <subfield code="c">31164</subfield>
    <subfield code="d">17548</subfield>
  </datafield>
  <datafield tag="952" ind1=" " ind2=" ">
    <subfield code="0">0</subfield>
    <subfield code="1">0</subfield>
    <subfield code="2">ddc</subfield>
    <subfield code="4">0</subfield>
    <subfield code="7">0</subfield>
    <subfield code="8">NFIC</subfield>
    <subfield code="a">CPL</subfield>
    <subfield code="b">CPL</subfield>
    <subfield code="c">CART</subfield>
    <subfield code="d">2026-03-26</subfield>
    <subfield code="l">0</subfield>
    <subfield code="o">331.31 / N45a</subfield>
    <subfield code="p">201812527</subfield>
    <subfield code="r">2026-03-26 13:50:49</subfield>
    <subfield code="t">Ej.1</subfield>
    <subfield code="w">2026-03-26</subfield>
    <subfield code="y">BK</subfield>
  </datafield>
</record>
